Odděleně spolu? : Česko a Slovensko optikou vývoje hodnot po roce 1991 = Living apart together? : Czechia and Slovakia through the lense of value development after 1991 /

Další autoři: Rabušic, Ladislav, 1954-, Kusá, Zuzana, 1957-, Chromková Manea, Beatrice Elena, 1973-, Strapcová, Katarína, 1973-
Jazyk: Slovenština
Čeština
Vydáno: V Bratislave : Slovart, spol. s r.o., 2019
Vydání: Prvé vydanie
Témata:
Fyzický popis: 428 stran : ilustrace ; 24 cm
Language note: Částečně slovenský text
Knihy
Uloženo v:
LEADER 02943nam a2200697 i 4500
001 001819209
003 CZ BrMZK
005 20220608065938.0
007 ta
008 220328s2019 xo a f 001 0 cze
020 |a 978-80-556-4590-2  |q (vázáno) 
040 |a BOA001  |b cze  |e rda 
041 0 |a cze  |a slo 
043 |a e-xr---  |a e-xo--- 
045 |a x9y1 
072 7 |a 316  |x Sociologie  |2 Konspekt  |9 18 
080 |a 316.752  |2 MRF 
080 |a 316.356.2  |2 MRF 
080 |a 316.66-055.1/.3  |2 MRF 
080 |a 316.334.22  |2 MRF 
080 |a 2-67  |2 MRF 
080 |a 323  |2 MRF 
080 |a (437.3)  |2 MRF 
080 |a (437.6)  |2 MRF 
080 |a (048.8)  |2 MRF 
080 |a (082)  |2 MRF 
245 0 0 |a Odděleně spolu? :  |b Česko a Slovensko optikou vývoje hodnot po roce 1991 = Living apart together? : Czechia and Slovakia through the lense of value development after 1991 /  |c editoři Ladislav Rabušic, Zuzana Kusá, Beatrice Chromková Manea, Katarína Strapcová 
246 3 0 |a Česko a Slovensko optikou vývoje hodnot po roce 1991 
246 3 1 |a Living apart together? 
250 |a Prvé vydanie 
264 1 |a V Bratislave :  |b Slovart, spol. s r.o.,  |c 2019 
300 |a 428 stran :  |b ilustrace ;  |c 24 cm 
336 |a text  |b txt  |2 rdacontent 
337 |a bez média  |b n  |2 rdamedia 
338 |a svazek  |b nc  |2 rdacarrier 
504 |a Obsahuje bibliografie, bibliografické odkazy a rejstřík 
546 |a Částečně slovenský text 
648 4 |a 1991-2017 
648 7 |a 1991-2020  |7 ch771949  |2 czenas 
650 0 7 |a hodnotová orientace  |7 ph117202  |z Česko  |y 1991-2020  |2 czenas 
650 0 7 |a hodnotová orientace  |7 ph117202  |z Slovensko  |y 1991-2020  |2 czenas 
650 0 7 |a sociologie rodiny  |7 ph125759  |z Česko  |y 1991-2020  |2 czenas 
650 0 7 |a sociologie rodiny  |7 ph125759  |z Slovensko  |y 1991-2020  |2 czenas 
650 0 7 |a gender  |7 ph175751  |z Česko  |y 1991-2020  |2 czenas 
650 0 7 |a gender  |7 ph175751  |z Slovensko  |y 1991-2020  |2 czenas 
650 0 7 |a sociologie práce  |7 ph135559  |z Česko  |y 1991-2000  |2 czenas 
650 0 7 |a sociologie práce  |7 ph135559  |z Slovensko  |y 1991-2000  |2 czenas 
650 0 7 |a náboženství a společnost  |7 ph138511  |z Česko  |y 1991-2020  |2 czenas 
650 0 7 |a náboženství a společnost  |7 ph138511  |z Slovensko  |y 1991-2020  |2 czenas 
651 7 |a Česko  |7 ge128065  |x společnost a politika  |y 1991-2020  |2 czenas 
651 7 |a Slovensko  |7 ge128580  |x společnost a politika  |y 1991-2020  |2 czenas 
655 7 |a srovnávací studie  |7 fd133583  |2 czenas 
655 7 |a sborníky  |7 fd163935  |2 czenas 
700 1 |a Rabušic, Ladislav,  |d 1954-  |7 xx0000521  |4 edt 
700 1 |a Kusá, Zuzana,  |d 1957-  |7 jo2002105209  |4 edt 
700 1 |a Chromková Manea, Beatrice Elena,  |d 1973-  |7 pna2012693061  |4 edt 
700 1 |a Strapcová, Katarína,  |d 1973-  |7 hka20201072760  |4 edt 
910 |a BOA001  |b 2-1484.462 
990 |a BK 
991 |b 202206  |c NOV 
996 7 |b 2610898850  |c 2-1484.462  |l MZK  |r Sklad / do 1 hodiny  |n 1  |p kupz  |w 001883382  |u 000010  |a 1  |e BOA001  |j MZK50  |s A